Island nations in the Caribbean by size Quiz Stats

 Plays Quiz not verified by Sporcle

Support Sporcle.
Go Orange.
Score 0/30 Timer 04:00
0 Plays Today
Rank Island / Country % Correct
1Cuba
99.4%
3Haiti
86.3%
2Dominican Republic
86.3%
5Jamaica
74.3%
4Bahamas
70.9%
6Puerto Rico
54.9%
7Trinidad and Tobago
53.7%
10Dominica
32%
9Martinique
29.7%
11St. Lucia
28.6%
8Guadeloupe
28.6%
15Barbados
20%
18Grenada
20%
20St. Kitts and Nevis
18.3%
16St. Vincent and the Grenadines
16%
Rank Island / Country % Correct
14Antigua and Barbuda
16%
22Aruba
12.6%
13Curacao
12%
17US Virgin Islands
9.7%
12Turks and Caicos Islands
9.7%
23British Virgin Islands
9.1%
24Montserrat
9.1%
26Collectivity of Saint Martin
9.1%
19Bonaire
6.9%
25Anguilla
6.9%
30Saba
6.9%
21Cayman Islands
6.3%
28St. Barthelemy
4.6%
29Saint Eustasius
4%
27Sint Maarten
3.4%

You're not logged in!

Compare scores with friends on all Sporcle quizzes.
OR
Log In

From the Vault

Chutes and Ladders III

by apeminkie

All you need is a lot of nerve and a little bit of gravity, and you'll be fine.
Remove Ads.
Support Sporcle.
Get the best of Sporcle when you Go Orange. This ad-free experience offers more features, more stats, and more fun while also helping to support Sporcle. Thank you for becoming a member.

Show Comments

Extras

Top Quizzes Today


Score Distribution

Your Account Isn't Verified!

In order to create a playlist on Sporcle, you need to verify the email address you used during registration. Go to your Sporcle Settings to finish the process.

Report this User

Report this user for behavior that violates our Community Guidelines.

Details: